00551nam a2200145Ia 4500008004000000082001300040100000600053245007900059260007400138300000700212690002100219906001100240999001700251952013700268210210b1981 xxu||||| |||| 00| 0 eng d a355 INFO a- aInformation digest how to join the armed forces as a commissioned officer. aNDbPublication Division Ministry of Information & Broadcastingc1981 a65 aMilitary Science a040429 c90651d90651 001040708Political ScienceaALbALcPolitical Scienced2021-02-17g4.00l0o355 INFOp040429r2021-02-17 00:00:00w2021-02-17yBK